Detalles MARC
| 000 -LIDER |
| fixed length control field |
01360nam a2200349 a 4500 |
| 001 - NÚMERO DE CONTROL |
| Identificador de número de control |
000048733 |
| 003 - IDENTIFICACDOR DE NÚMERO DE CONTROL |
| control field |
DO-SdBPM |
| 005 - DATE AND TIME OF LATEST TRANSACTION |
| control field |
20250514113123.0 |
| 008 - ELEMENTOS DE LONGITUD FIJA |
| fixed length control field |
190412s2016 dr ac 000 p spa d |
| 020 ## - ISBN |
| International Standard Book Number |
9789945484175 |
| 040 ## - FUENTE DE CATALOGACIÓN |
| Agencia que crea de manera original el registro |
DO-SdBPM |
| Idioma de catalogación |
spa |
| Agencia que realiza la transcripción |
BPMSU |
| Convenciones de la despripción |
rda |
| 082 #4 - NÚMERO DE CLASIFICACIÓN DECIMAL DE DEWEY |
| Classification number |
RD863.5 |
| Item number |
B862c 2016 |
| Edition number |
22 |
| 100 1# - ASIENTO PRINCIPAL -- NOMBRE PERSONAL |
| Nombre personal |
Brito, Orianny |
| Fechas asociadas con el nombre |
1999- |
| 245 10 - MENCIÓN DE TITULO |
| Título |
Cuentos de memoria / |
| Mención de responsabilidad |
Orianny Brito ; ilustraciones Domingo Guzmán ; instructores Ramón Mesa, Ysabel Florentino, Jesús Cordero. |
| 260 ## - PUBLICACIÓN, DISTRIBUCIÓN, ETC. (PIE DE IMPRENTA) |
| Lugar de publicación, distribución, etc |
San Cristobal, República Dominicana : |
| Nombre del editor, distribuidor, etc. |
Fundación Literaria Aníbal Montaño, |
| Fecha de publicación, distribución, etc |
2016. |
| 300 ## - DESCRIPCIÓN FÍSICA |
| Extensión |
50 p. : |
| Otros detalles físicos |
il., retrs. ; |
| Dimensiones |
22 cm. |
| 490 0# - MENCIÓN DE SERIES |
| Mención de serie |
Nueva Literatura Infantil Dominicana; |
| -- |
Marca Provincia |
| 500 ## - NOTA GENERAL |
| Nota general |
Promoción 101 niños poetas de San Cristóbal |
| 500 ## - NOTA GENERAL |
| Nota general |
Talleres literarios Mi barrio en Letras |
| 500 ## - NOTA GENERAL |
| Nota general |
10mo. Aniversaro |
| 590 ## - NOTA LOCAL |
| Texto de la nota local |
Inventariado, 2025/ VM |
| 650 #4 - ENCABEZAMIENTO DE MATERIA--TEMÁTICO |
| Término temático o nombre geográfico como elemento de entrada |
Cuentos juveniles dominicanos |
| 650 #4 - ENCABEZAMIENTO DE MATERIA--TEMÁTICO |
| Término temático o nombre geográfico como elemento de entrada |
Literatura juvenil dominicana |
| 650 #4 - ENCABEZAMIENTO DE MATERIA--TEMÁTICO |
| Término temático o nombre geográfico como elemento de entrada |
Sueños |
| Subdivisión de forma |
Cuentos juveniles |
| 700 1# - ASIENTO SECUNDARIO -- NOMBRE PERSONAL |
| Nombre personal |
Guzmán, Domingo |
| Mención de responsabilidad |
ilustraciones |
| 700 1# - ASIENTO SECUNDARIO -- NOMBRE PERSONAL |
| Nombre personal |
Mesa, Ramón |
| Mención de responsabilidad |
instructor |
| 700 1# - ASIENTO SECUNDARIO -- NOMBRE PERSONAL |
| Nombre personal |
Florentino, Ysabel, |
| Fechas asociadas con el nombre |
1981- |
| Mención de responsabilidad |
instructor |
| 700 1# - ASIENTO SECUNDARIO -- NOMBRE PERSONAL |
| Nombre personal |
Cordero, Jesús |
| Mención de responsabilidad |
instructor |
| 710 1# - ASIENTO SECUNDARIO -- NOMBRE CORPORATIVO |
| Nombre corporativo o de jurisdicción |
República Dominicana |
| Unidad subordinada |
Fundación Literaria Aníbal Montaño |
| 910 ## - VALIDACIÓN |
| Validación |
VMateo V. Control de calidad. |
| 942 ## - ADDED ENTRY ELEMENTS (KOHA) |
| Source of classification or shelving scheme |
Dewey Decimal Classification |
| Koha item type |
Libros |